Southville International School and Colleges
Your cart is empty.
  • Cart
  • Lists
    Public lists Eva Luna New books Lux_list list_1
    Your lists Log in to create your own lists
  • Log in to your account
  • Your cookies
  • Search history
Southville International School and Colleges
  • Advanced search
  • Recent comments
  • Most popular
  • Libraries

Log in to your account

Log in with GOOGLE


If you do not have an external account, but do have a local account, you can still log in:

  1. Home
  2. MARC view: Organizational ethics :
Normal view MARC view ISBD view

Organizational ethics : (Record no. 25415)

[ view plain ]
MARC details
000 -LEADER
fixed length control field 01241nam a2200265 a 4500
003 - CONTROL NUMBER IDENTIFIER
control field SISC
005 - DATE AND TIME OF LATEST TRANSACTION
control field 20170130135919.0
008 - FIXED-LENGTH DATA ELEMENTS--GENERAL INFORMATION
fixed length control field 130408s19uu xx 00 eng d
020 ## - INTERNATIONAL STANDARD BOOK NUMBER
International Standard Book Number 9781412987967
050 ## - LIBRARY OF CONGRESS CALL NUMBER
Classification number HF 5387
Item number .J645 2012
100 ## - MAIN ENTRY--PERSONAL NAME
Personal name Johnson, Craig E.
245 ## - TITLE STATEMENT
Title Organizational ethics :
Remainder of title a practical approach /
Statement of responsibility, etc Craig E. Johnson.
250 ## - EDITION STATEMENT
Edition statement 2nd edition.
260 ## - PUBLICATION, DISTRIBUTION, ETC. (IMPRINT)
Place of publication, distribution, etc Thousand Oaks, CA :
Name of publisher, distributor, etc SAGE Pub,
Date of publication, distribution, etc 2012.
300 ## - PHYSICAL DESCRIPTION
Extent xiii, 465 pages :
Other physical details color illustrations ;
Dimensions 24 cm.
500 ## - GENERAL NOTE
General note Includes bibliographical references and index.
520 ## - SUMMARY, ETC.
Summary, etc Ethical perspectives -- Components of personal ethical development -- Ethical decision making and action -- Ethical interpersonal communication -- Exercising ethical influence -- Ethical conflict management and negotiation -- Improving group ethical performance -- Leadership ethics -- Followership ethics -- Building an ethical organizational culture -- Managing ethical hotspots in organizations -- Promoting organizational citizenship in a global society.
650 ## - SUBJECT ADDED ENTRY--TOPICAL TERM
Topical term or geographic name as entry element Business ethics.
650 ## - SUBJECT ADDED ENTRY--TOPICAL TERM
Topical term or geographic name as entry element Corporate culture.
650 ## - SUBJECT ADDED ENTRY--TOPICAL TERM
Topical term or geographic name as entry element Ethics.
650 ## - SUBJECT ADDED ENTRY--TOPICAL TERM
Topical term or geographic name as entry element Ethics, Business.
650 ## - SUBJECT ADDED ENTRY--TOPICAL TERM
Topical term or geographic name as entry element Organizational Culture.
942 ## - ADDED ENTRY ELEMENTS (KOHA)
Koha item type Books
Source of classification or shelving scheme Library of Congress Classification
Call number prefix Foreign
Holdings
Withdrawn status Lost status Source of classification or shelving scheme Damaged status Home library Current library Shelving location Date acquired Cost, normal purchase price Total Checkouts Total Renewals Full call number Barcode Date last seen Date checked out Copy number Price effective from Koha item type
    Library of Congress Classification   College Library College Library Reserve Section 03/26/2013 4895.00 1 1 HF 5387 .J645 2012 C15480 05/15/2018 09/11/2015 1 10/18/2013 Books

Organizational ethics :

APA

Johnson C. E., . (2012). Organizational ethics. Thousand Oaks, CA: SAGE Pub.

Chicago

Johnson Craig E, . 2012. Organizational ethics. Thousand Oaks, CA: SAGE Pub.

Harvard

Johnson C. E., . (2012). Organizational ethics. Thousand Oaks, CA: SAGE Pub.

MLA

Johnson Craig E, . Organizational ethics. Thousand Oaks, CA: SAGE Pub. 2012.

  • Place hold
  • Print
  • Cite
  • Add to your cart (remove)
  • Save record
    BIBTEX Dublin Core MARCXML MARC (non-Unicode/MARC-8) MARC (Unicode/UTF-8) MARC (Unicode/UTF-8, Standard) MODS (XML) RIS
  • More searches
    Search for this title in:
    Other Libraries (WorldCat) Other Databases (Google Scholar) Online Stores (Bookfinder.com) Open Library (openlibrary.org)

Exporting to Dublin Core...

SOUTHVILLE LIBRARY

Southville International School and Colleges Library

1281 Tropical Ave. Cor. Luxembourg St., BF Homes International, Las Pinas City

Tel. No. 8256374 / 252358 Loc. 117/146

Powered by Koha